000 00612nam a2200193 4500
999 _c70904
_d70904
001 10024
003 OSt
005 20210701134723.0
007 tu
008 d17951799||| ger
040 _cSTAFF
_dSTAFF
100 1 _aZschokke, Heinrich
245 0 0 _aKuno von Kyburg nahm die Silberlocke des Enthaupteten und ward Zerstörer des heimlichen Vehm-Gerichts
_bEine Kunde der Väter erzählt vom Verfasser der schwarzen Brüder [d. i. Heinrich Zschokke].
_cHeinrich Zschokke
264 _aBerlin
_bMaurer
_c1795 - 1799
365 _cDEM
500 _aBd.2.
546 _adeutsch
942 _2z
_cB